The curse of Ghandhari / (Record no. 169458)

MARC details
000 -LEADER
fixed length control field 00532nam a22001817a 4500
005 - DATE AND TIME OF LATEST TRANSACTION
control field 20191120172546.0
010 ## - LCCN (DPL NO)
LC control number ENG-126949
020 ## - INTERNATIONAL STANDARD BOOK NUMBER
Terms of availability 499.00
International Standard Book Number 9789388002004
035 ## - SYSTEM CONTROL NUMBER
System control number EN-110481
037 ## - SOURCE OF ACQUISITION
Source of stock number/acquisition DBAD/PUB
082 ## - DEWEY DECIMAL CLASSIFICATION NUMBER
Classification number N
100 ## - MAIN ENTRY--PERSONAL NAME
Personal name Banerjee, Aditi
245 ## - TITLE STATEMENT
Title The curse of Ghandhari /
Statement of responsibility, etc by Aditi Banerjee
260 ## - PUBLICATION, DISTRIBUTION, ETC. (IMPRINT)
Name of publisher, distributor, etc Bloomsbury Publishing
Date of publication, distribution, etc 2019
Place of publication, distribution, etc New Delhi
270 ## - ADDRESS
Address Second Floor, LSC Building No.4, DDA Complex, Pocket -C-6&7
Postal code 110070
City Vasant Kunj
300 ## - PHYSICAL DESCRIPTION
Extent 317p.
Dimensions 22cm(pbk)
942 ## - ADDED ENTRY ELEMENTS (KOHA)
Source of classification or shelving scheme Dewey Decimal Classification
Item type English Books
Classification part N
Call number suffix BAN
Holdings
Withdrawn status Lost status Not for loan Collection code Home library Current library Date acquired Source of acquisition Cost, normal purchase price Full call number Barcode Copy number Cost, replacement price Koha item type
      Fiction Central Library Central Library 20/11/2019 DBAD/PUB 499.00 N BAN EN-110481 1 499.00 English Books

© Delhi Public Library
Hit Counter
free hit counter